Normal view
MARC view
- América Latina
Entry Nombre Geográfico
001 - NÚMERO DE CONTROL
- campo de control: 3110
003 - IDENTIFICADOR DE NUMERO DE CONTROL
- campo de control: MX-MxUPN
005 - FECHA Y HORA DE LA ÜLTIMA TRANSACCIÓN
- campo de control: 20260304105557.0
008 - DATOS DE LONGITUD FIJA
- campo de control de longitud fija: 260304nn fnnnnbabc n |na ||
035 ## - NÚMERO DE CONTROL
- Número de control: UPN10000003110
040 ## - FUENTE DE CATALOGACIÓN
- Agencia de catalogación original: MX-MxUPNUPN
- Lenguaje de catalogación: spa
151 ## - ENCABEZAMIENTO - NOMBRE GEOGRÁFICO
- Nombre geográfico: América Latina
- Subdivisión general : Historia
- Subdivisión cronológica : Siglo XIX
670 ## - FUENTE EN LA QUE SE LOCALIZARON DATOS
- Cita de la fuente: Lista de encabezamientos de materia para bibliotecas, 1967 :
- Información localizada: página 36 (América del Sur - Historia - Siglo XX)
670 ## - FUENTE EN LA QUE SE LOCALIZARON DATOS
- Cita de la fuente: Autoridades BGTQ, 4 marzo 2026 :
- Información localizada: (América Latina)
902 ## - CATALOGADOR
- Catalogador: BDV/260503
- Catalogador: VíctorGodínez/040326
